[Event "2.Bl-West"]
[Site "Jenbach"]
[Date "2003.11.15"]
[Round "4"]
[Board "2"]
[White "Maiwald, Jens-Uwe"]
[Black "Poettinger, Harald"]
[Result "1-0"]
[WhiteElo "2543"]
[BlackElo "2238"]
[PlyCount "49"]

1.g3 d5 2.Bg2 Nf6 3.Nf3 c5 4.O-O Nc6 5.d3 e6 6.Nbd2 Be7 7.e4 b6 8.Re1 Qc7 9.a3
Ba6 10.Qe2 O-O 11.e5 Nd7 12.h4 Rae8 13.Nf1 Kh8 14.Bf4 Qd8 15.N1h2 f6 16.exf6
Bxf6 17.Ng5 Bxb2 18.Bd6 Nd4 19.Qd2 Bxa1 20.Bxf8 Rxf8 21.Rxa1 h6 22.Nh3 Qf6
23.Re1 Ne5 24.Nf4 Bc8 25.Rxe5

[Event "2.Bl-West"]
[Site "Jenbach"]
[Date "2003.11.15"]
[Round "4"]
[Board "3"]
[White "Hugentobler, Patrick"]
[Black "Gross, David"]
[Result "0-1"]
[WhiteElo "2262"]
[BlackElo "2458"]
[PlyCount "74"]

1.e4 c5 2.Nf3 e6 3.b3 b6 4.d4 cxd4 5.Nxd4 a6 6.Bb2 Qc7 7.Bd3 Bb4+ 8.c3 Bd6 9.h3
Ne7 10.O-O Ng6 11.Nd2 Nf4 12.Nc4 Be7 13.Bc2 O-O 14.Nf3 Bb7 15.Nce5 Bf6 16.Nd3
Ng6 17.e5 Be7 18.c4 d6 19.Re1 Nd7 20.exd6 Bxd6 21.Qe2 e5 22.Ng5 Rae8 23.Rad1 e4
24.Qh5 h6 25.Nxf7 Kxf7 26.Nf4 Bxf4 27.Qf5+ Kg8 28.Qxg6 Be5 29.Rxe4 Bxe4 30.Bxe4
Nf6 31.Ba3 Rf7 32.Bc2 Rd8 33.Rd5 Rxd5 34.cxd5 Qc3 35.g3 Bd4 36.Kg2 Bxf2 37.Bf5
Bd4

[Event "2.Bl-West"]
[Site "Jenbach"]
[Date "2003.11.15"]
[Round "4"]
[Board "4"]
[White "Tabernig, Bernhard"]
[Black "Bezler, Rainer"]
[Result "1/2-1/2"]
[WhiteElo "2368"]
[BlackElo "2228"]
[PlyCount "58"]

1.d4 Nf6 2.c4 g6 3.Nc3 Bg7 4.Nf3 O-O 5.e4 d6 6.Be2 e5 7.Be3 Nc6 8.d5 Ne7 9.Nd2
Nd7 10.Qc2 f5 11.f3 a6 12.g4 c5 13.gxf5 gxf5 14.O-O-O f4 15.Bf2 Nf6 16.Rdg1 Kh8
17.a3 Qa5 18.Qa4 Qc7 19.b4 Bd7 20.Qc2 b6 21.Nb3 Rg8 22.Kd2 Bh6 23.Qd3 Rxg1
24.Rxg1 Ng6 25.Rb1 Bg5 26.Rb2 Bh4 27.Bg1 Rg8 28.Qb1 Nf8 29.Qf1 Ne8

[Event "2.Bl-West"]
[Site "Jenbach"]
[Date "2003.11.15"]
[Round "4"]
[Board "5"]
[White "Gattenloehner, Sebastian"]
[Black "Kroell, Johannes"]
[Result "1-0"]
[WhiteElo "2218"]
[BlackElo "2192"]
[PlyCount "143"]

1.e4 e6 2.d4 b5 3.Bxb5 Bb7 4.Nd2 f5 5.exf5 Bxg2 6.Qh5+ g6 7.fxg6 Bg7 8.gxh7+ Kf8
9.hxg8=Q+ Kxg8 10.Qg4 Bxh1 11.Ndf3 Qf8 12.c3 Qf5 13.Qxf5 exf5 14.Bc4+ Kh7 15.Bd5
Bxf3 16.Nxf3 c6 17.Bc4 Kg6 18.Be3 d5 19.Bd3 Nd7 20.Ke2 Rae8 21.Rg1+ Kf6 22.Bxf5
Nf8 23.Bd3 Bh6 24.Rg2 Bf4 25.Kd2 Bxe3+ 26.fxe3 Rh3 27.Rf2 Kg7 28.Bf5 Rh6 29.Ne5
Re7 30.Kd3 c5 31.b3 a5 32.Rg2+ Kh8 33.Ng4 Rc6 34.dxc5 Rxc5 35.Nf6 Rg7 36.Rxg7
Kxg7 37.Kd4 Rc6 38.Nxd5 Rh6 39.h3 Kf7 40.a4 Ne6+ 41.Bxe6+ Kxe6 42.Kc5 Kd7 43.Kb5
Rxh3 44.Kxa5 Kd6 45.Nb6 Kc6 46.Nc8 Rxe3 47.Kb4 Rh3 48.Na7+ Kb6 49.Nb5 Rh4+ 50.c4
Rh3 51.a5+ Ka6 52.Nc7+ Kb7 53.Ne6 Kc6 54.Nd4+ Kb7 55.Kb5 Rd3 56.a6+ Ka7 57.Nc6+
Ka8 58.b4 Rd5+ 59.Ka4 Rd1 60.Na5 Ra1+ 61.Kb5 Ka7 62.c5 Rh1 63.Nc6+ Ka8 64.Nd4
Ka7 65.Nc6+ Ka8 66.Kb6 Rb1 67.Kc7 Ra1 68.Nb8 Rh1 69.b5 Rh8 70.Nd7 Rh7 71.b6 Rh8
72.b7+

[Event "2.Bl-West"]
[Site "Jenbach"]
[Date "2003.11.15"]
[Round "4"]
[Board "6"]
[White "Schiestl, Josef"]
[Black "Heilinger, Dietmar"]
[Result "1/2-1/2"]
[WhiteElo "2155"]
[BlackElo "2179"]
[PlyCount "23"]

1.e4 e6 2.d4 d5 3.Nd2 dxe4 4.Nxe4 Nd7 5.Bd3 Ngf6 6.Qe2 c5 7.Nxc5 Nxc5 8.dxc5
Bxc5 9.Nf3 Bd7 10.O-O Bc6 11.Ne5 O-O 12.Be3

[Event "2.Bl-West"]
[Site "Jenbach"]
[Date "2003.11.15"]
[Round "4"]
[Board "1"]
[White "Schmidt, Georg"]
[Black "Dizdar, Goran"]
[Result "1-0"]
[WhiteElo "2376"]
[BlackElo "2531"]
[PlyCount "43"]

1.e4 e6 2.d4 d5 3.Nd2 c5 4.exd5 exd5 5.Ngf3 Nf6 6.Bb5+ Bd7 7.Bxd7+ Nbxd7 8.O-O
Be7 9.dxc5 Nxc5 10.Nb3 Nce4 11.Nfd4 Qd7 12.Qf3 O-O 13.Nf5 Bd8 14.Be3 Re8 15.Bd4
a5 16.Rad1 Bc7 17.c4 a4 18.Nc5 Qc8 19.Nxg7 Ng4 20.Nxe8 Bxh2+ 21.Kh1 f5 22.Ng7

[Event "2.Bl-West"]
[Site "Jenbach"]
[Date "2003.11.15"]
[Round "4"]
[Board "3"]
[White "Peterwagner, Heinz"]
[Black "Duer, Arne"]
[Result "1/2-1/2"]
[WhiteElo "2222"]
[BlackElo "2375"]
[PlyCount "110"]

1.e4 c5 2.Nc3 e6 3.g3 Nc6 4.Bg2 a6 5.Nge2 b5 6.a3 Bb7 7.d4 cxd4 8.Nxd4 Bc5 9.Nb3
Be7 10.Bf4 d6 11.Qe2 Qc7 12.O-O Nf6 13.Rad1 Ne5 14.Bc1 O-O 15.f4 Nc4 16.Rd3 Rad8
17.g4 d5 18.e5 Nd7 19.Rh3 Rfe8 20.Nd1 Nf8 21.c3 f6 22.exf6 Bxf6 23.g5 Be7 24.Nf2
Bd6 25.Nd3 e5 26.f5 e4 27.Nf4 Be5 28.Nh5 Nd6 29.f6 g6 30.Ng7 Bc8 31.Nxe8 Rxe8
32.Rh4 Nf7 33.Be3 Ne6 34.Qd2 Bb7 35.Bh3 Ned8 36.Nd4 Nd6 37.Qf2 N8f7 38.Bf4 e3
39.Bxe3 Ne4 40.Qg2 Bc8 41.Nf3 Bd6 42.Bd4 Bb7 43.Bg4 Bc6 44.Qh3 Nfxg5 45.Nxg5
Nxg5 46.f7+ Qxf7 47.Qd3 Bf4 48.Rxf4 Qxf4 49.Be6+ Nxe6 50.Rxf4 Nxf4 51.Qf3 Re4
52.Be3 Ne6 53.Bh6 d4 54.Qg3 dxc3 55.Qxc3 Nd4

[Event "2.Bl-West"]
[Site "Jenbach"]
[Date "2003.11.15"]
[Round "4"]
[Board "4"]
[White "Pilz, Dieter"]
[Black "Hamberger, Hermann"]
[Result "1/2-1/2"]
[WhiteElo "2349"]
[BlackElo "2157"]
[PlyCount "36"]

1.e4 c5 2.Nf3 d6 3.Nc3 Nf6 4.Bb5+ Bd7 5.a4 a6 6.Bc4 Nc6 7.h3 g6 8.d3 Bg7 9.O-O
O-O 10.Bf4 h6 11.Re1 e5 12.Bd2 Rb8 13.Nd5 Nxd5 14.Bxd5 Kh7 15.c3 Ne7 16.Bb3 f5
17.exf5 Nxf5 18.Be3 Bc6

[Event "2.Bl-West"]
[Site "Jenbach"]
[Date "2003.11.15"]
[Round "4"]
[Board "5"]
[White "Hicker, Harald"]
[Black "Gerhold, Michael"]
[Result "1-0"]
[WhiteElo "2113"]
[BlackElo "2223"]
[PlyCount "65"]

1.Nf3 d5 2.d4 Nc6 3.c4 e5 4.dxe5 Bb4+ 5.Bd2 dxc4 6.e3 Be6 7.Be2 Nge7 8.O-O h6
9.Bxb4 Qxd1 10.Rxd1 Nxb4 11.Na3 c3 12.Nb5 O-O 13.Nxc3 Ng6 14.Nd4 Nxe5 15.Nxe6
fxe6 16.a3 Nbc6 17.f4 Ng6 18.Bc4 Rae8 19.Rd7 Rf7 20.Rxf7 Kxf7 21.f5 Nf8 22.Nb5
Rc8 23.Nd4 Nxd4 24.exd4 Re8 25.fxe6+ Nxe6 26.d5 Nd4 27.d6+ Kg6 28.Rf1 Rc8 29.Rf4
Nc6 30.Bd3+ Kg5 31.Rf5+ Kh4 32.g3+ Kg4 33.Kg2

[Event "2.Bl-West"]
[Site "Jenbach"]
[Date "2003.11.15"]
[Round "4"]
[Board "6"]
[White "Gruber, Michael"]
[Black "Nussbaecher, Andreas"]
[Result "1/2-1/2"]
[WhiteElo "2123"]
[BlackElo "2168"]
[PlyCount "38"]

1.e4 c5 2.Nf3 g6 3.c3 Bg7 4.d4 cxd4 5.cxd4 d5 6.exd5 Nf6 7.Bb5+ Nbd7 8.d6 exd6
9.Qe2+ Qe7 10.Bf4 Qxe2+ 11.Bxe2 Ne4 12.Nbd2 Ndf6 13.O-O O-O 14.Nxe4 Nxe4 15.Rac1
Be6 16.Bd3 Bd5 17.Rc7 Rac8 18.Rfc1 Rxc7 19.Rxc7 Re8

[Event "2.Bl-West"]
[Site "Jenbach"]
[Date "2003.11.15"]
[Round "4"]
[Board "1"]
[White "Herbrechtsmeier, Christof"]
[Black "Bezold, Michael"]
[Result "1/2-1/2"]
[WhiteElo "2292"]
[BlackElo "2456"]
[PlyCount "58"]

1.d4 Nf6 2.Nc3 c5 3.dxc5 Qa5 4.Bd2 Qxc5 5.e4 d6 6.Nf3 a6 7.Bd3 e6 8.Qe2 Nbd7
9.h3 Be7 10.O-O O-O 11.Rfe1 Rd8 12.Bf4 e5 13.Be3 Qc7 14.Bc4 b5 15.Nd5 Nxd5
16.Bxd5 Rb8 17.Nd2 Nf6 18.Bb3 h6 19.a4 Qc6 20.axb5 axb5 21.Qf3 Rf8 22.Ba7 Rb7
23.Qd3 g6 24.Nf1 Kg7 25.Be3 Rd7 26.Ra5 Rb7 27.Bd2 Bd8 28.Raa1 Rd7 29.Ne3 Qxe4

[Event "2.Bl-West"]
[Site "Jenbach"]
[Date "2003.11.15"]
[Round "4"]
[Board "2"]
[White "Novkovic, Milan"]
[Black "Kratochwil, Christian"]
[Result "1-0"]
[WhiteElo "2371"]
[BlackElo "2277"]
[PlyCount "51"]

1.e4 d5 2.exd5 Qxd5 3.Nc3 Qa5 4.g3 g6 5.Bg2 Bg7 6.Nge2 c6 7.Rb1 Qh5 8.h3 Nf6
9.d3 Nbd7 10.b4 Nd5 11.Bd2 N7b6 12.Ne4 Qf5 13.c4 Nf6 14.Nc5 h5 15.O-O Nbd7
16.Nd4 Qe5 17.Ndb3 Nxc5 18.Nxc5 h4 19.Re1 Qd4 20.Qe2 O-O 21.g4 Re8 22.Bg5 Nd7
23.Nb3 Qc3 24.a3 Bf6 25.Bf4 Bg7 26.d4

[Event "2.Bl-West"]
[Site "Jenbach"]
[Date "2003.11.15"]
[Round "4"]
[Board "3"]
[White "Duer, Werner"]
[Black "Gaertner, Guntram"]
[Result "1/2-1/2"]
[WhiteElo "2271"]
[BlackElo "2340"]
[PlyCount "61"]

1.c4 c6 2.e4 d5 3.exd5 cxd5 4.d4 Nf6 5.Nc3 e6 6.Nf3 Bb4 7.Bd3 dxc4 8.Bxc4 O-O
9.O-O b6 10.Bg5 Bb7 11.Qe2 Bxc3 12.bxc3 Nbd7 13.Ne5 Qc7 14.Nxd7 Nxd7 15.Rac1 Qc6
16.f3 Rac8 17.Bb3 Qd6 18.Rfe1 Rfe8 19.Qf2 b5 20.Qh4 Nf8 21.Qg4 Ng6 22.h4 Bd5
23.h5 f5 24.Qh3 Nf8 25.h6 g6 26.Qh4 Nd7 27.Bf4 Qf8 28.Bd2 Qd6 29.Bf4 Qf8 30.Bd2
Qd6 31.Bf4

[Event "2.Bl-West"]
[Site "Jenbach"]
[Date "2003.11.15"]
[Round "4"]
[Board "4"]
[White "Braun, Arik"]
[Black "Jannasch, Franz"]
[Result "1/2-1/2"]
[WhiteElo "2429"]
[BlackElo "2170"]
[PlyCount "77"]

1.d4 Nf6 2.c4 g6 3.Nc3 c5 4.d5 d6 5.e4 Bg7 6.Bd3 O-O 7.Nge2 a6 8.a4 Nbd7 9.h3
Ne5 10.O-O e6 11.dxe6 fxe6 12.Bg5 h6 13.Be3 Bd7 14.f4 Nxd3 15.Qxd3 Qc7 16.e5
dxe5 17.fxe5 Qxe5 18.Bf4 Qf5 19.Qd2 Qh5 20.Bd6 Rf7 21.Nf4 Qg5 22.Rae1 Bc6 23.Re5
Qg3 24.Re3 Qh4 25.Nxe6 Qxc4 26.Rf4 Ne4 27.Rexe4 Bxe4 28.Nxg7 Rxf4 29.Bxf4 Rf8
30.Kh2 Bc6 31.Be5 Qf1 32.Ne6 Re8 33.Nd5 Rxe6 34.Qxh6 Rxe5 35.Qxg6+ Kf8 36.Qd6+
Kf7 37.Qxe5 Qf2 38.Qe7+ Kg6 39.Qe6+

[Event "2.Bl-West"]
[Site "Jenbach"]
[Date "2003.11.15"]
[Round "4"]
[Board "5"]
[White "Thoeny, Hermann"]
[Black "Feistenauer, Fred"]
[Result "1/2-1/2"]
[WhiteElo "2158"]
[BlackElo "2257"]
[PlyCount "29"]

1.d4 Nf6 2.Nf3 e6 3.g3 b5 4.Bg2 Bb7 5.O-O Be7 6.a4 b4 7.a5 O-O 8.c3 Na6 9.Nbd2
Rb8 10.Qc2 c5 11.e4 bxc3 12.bxc3 cxd4 13.Nxd4 Nc5 14.Re1 Ba6 15.c4

[Event "2.Bl-West"]
[Site "Jenbach"]
[Date "2003.11.15"]
[Round "4"]
[Board "6"]
[White "Atlas, Dimitry"]
[Black "Reiter, Franz"]
[Result "1/2-1/2"]
[WhiteElo "2281"]
[BlackElo "2077"]
[PlyCount "72"]

1.e4 e6 2.d4 d5 3.exd5 exd5 4.Nf3 Bd6 5.Bd3 Ne7 6.O-O Nbc6 7.Nc3 Bg4 8.Nb5 Nb4
9.Nxd6+ Qxd6 10.Be2 Bf5 11.Ne1 Qg6 12.c3 Nbc6 13.Bf4 Rc8 14.Bg3 O-O 15.Nd3 Qf6
16.b4 Ng6 17.Qd2 Nd8 18.Nf4 Nxf4 19.Qxf4 Ne6 20.Qe5 Qxe5 21.Bxe5 f6 22.Bg3 c6
23.h4 Rfe8 24.Bf3 Kf7 25.a4 Red8 26.Rfe1 Re8 27.Re3 Nf8 28.Rae1 Rxe3 29.Rxe3 Re8
30.b5 Rxe3 31.fxe3 Ke6 32.bxc6 bxc6 33.a5 Bd3 34.Kf2 a6 35.Ke1 f5 36.Kd2 Bc4

[Event "2.Bl-West"]
[Site "Jenbach"]
[Date "2003.11.15"]
[Round "4"]
[Board "1"]
[White "Umansky, Mikhail"]
[Black "Blaskowski, Johannes"]
[Result "0-1"]
[WhiteElo "2452"]
[BlackElo "2347"]
[PlyCount "104"]

1.d4 Nf6 2.c4 e5 3.dxe5 Ng4 4.Bf4 Nc6 5.Nf3 Bb4+ 6.Nbd2 Qe7 7.a3 Ngxe5 8.Nxe5
Nxe5 9.e3 Bd6 10.Be2 Nc6 11.Bxd6 Qxd6 12.O-O b6 13.Qc2 Bb7 14.b4 Ne5 15.f4 Ng6
16.c5 Qe7 17.cxb6 Qxe3+ 18.Rf2 Qxb6 19.Nc4 Qf6 20.Rd1 O-O 21.Na5 Rab8 22.Nxb7
Rxb7 23.Rxd7 Qa1+ 24.Bf1 Qxa3 25.b5 Qe3 26.Qd3 Qb6 27.Qd5 Nxf4 28.Qf5 Ng6 29.Bc4
Rbb8 30.Kf1 Kh8 31.Bxf7 Qxb5+ 32.Qxb5 Rxb5 33.g3 Re5 34.Bd5 Rb8 35.Re2 Nf8
36.Rf7 Rxd5 37.Rxc7 Rd7 38.Rc6 Kg8 39.Kg2 Rbd8 40.Kh3 Ng6 41.Ra6 Ne7 42.Rea2 Nc8
43.Rb2 Rd6 44.Ra5 Rb6 45.Rc2 a6 46.Rc7 Rh6+ 47.Kg2 Re6 48.h4 Ne7 49.Ra4 h5
50.Ra7 Rd2+ 51.Kf3 Nd5 52.R7xa6 Re3#

[Event "2.Bl-West"]
[Site "Jenbach"]
[Date "2003.11.15"]
[Round "4"]
[Board "2"]
[White "Grundherr, Martin"]
[Black "Klundt, Klaus"]
[Result "1/2-1/2"]
[WhiteElo "2327"]
[BlackElo "2365"]
[PlyCount "52"]

1.e4 c5 2.Nf3 Nc6 3.d4 cxd4 4.Nxd4 Nf6 5.Nc3 e5 6.Ndb5 d6 7.Bg5 a6 8.Na3 b5
9.Bxf6 gxf6 10.Nd5 Bg7 11.c3 f5 12.exf5 Bxf5 13.Nc2 O-O 14.a4 Ne7 15.Nce3 Be6
16.axb5 Nxd5 17.Nxd5 axb5 18.Rxa8 Qxa8 19.Nc7 Qe4+ 20.Be2 Bc4 21.f3 Qc6 22.Bxc4
bxc4 23.Nd5 Qc5 24.b4 cxb3 25.Qxb3 Kh8 26.Ke2 f5

[Event "2.Bl-West"]
[Site "Jenbach"]
[Date "2003.11.15"]
[Round "4"]
[Board "3"]
[White "Hanel, Reinhard"]
[Black "Mittelberger, Peter"]
[Result "1/2-1/2"]
[WhiteElo "2307"]
[BlackElo "2267"]
[PlyCount "30"]

1.c4 Nf6 2.Nc3 g6 3.Nf3 Bg7 4.d4 O-O 5.e4 d6 6.Be2 e5 7.dxe5 dxe5 8.Qxd8 Rxd8
9.Nd5 Nxd5 10.cxd5 c6 11.Bc4 b5 12.Bb3 Bb7 13.Bg5 Rd7 14.O-O-O cxd5 15.exd5 Na6

[Event "2.Bl-West"]
[Site "Jenbach"]
[Date "2003.11.15"]
[Round "4"]
[Board "4"]
[White "Eybl, Alexander"]
[Black "Hager, Franz"]
[Result "1/2-1/2"]
[WhiteElo "2251"]
[BlackElo "2237"]
[PlyCount "70"]

1.Nf3 f5 2.g3 Nf6 3.Bg2 c6 4.O-O d5 5.d3 e6 6.Nbd2 Be7 7.c4 O-O 8.Rb1 a5 9.b3
Bd7 10.e4 Na6 11.Qe2 dxe4 12.dxe4 Bc5 13.Bb2 Qb6 14.e5 Ng4 15.Ne1 Rad8 16.Nd3
Be7 17.Nf3 Nb4 18.Bd4 c5 19.Bc3 Nxd3 20.Qxd3 Bc6 21.Qe2 Qc7 22.Ne1 b6 23.Bxc6
Qxc6 24.Ng2 Rd7 25.Rfd1 Rfd8 26.f3 Nh6 27.Ne3 Nf7 28.Rxd7 Rxd7 29.Rd1 Ng5
30.Rxd7 Qxd7 31.h4 Nf7 32.Nxf5 exf5 33.e6 Qd6 34.exf7+ Kxf7 35.Qe5 Qd1+

[Event "2.Bl-West"]
[Site "Jenbach"]
[Date "2003.11.15"]
[Round "4"]
[Board "5"]
[White "Lickleder, Andreas"]
[Black "Astl, Peter"]
[Result "1/2-1/2"]
[WhiteElo "2227"]
[BlackElo "2240"]
[PlyCount "49"]

1.Nc3 d5 2.e4 c6 3.Nf3 Bg4 4.h3 Bxf3 5.Qxf3 e6 6.d4 Nf6 7.Bg5 Be7 8.e5 Nfd7
9.Bxe7 Qxe7 10.Qe3 a6 11.O-O-O c5 12.f4 cxd4 13.Qxd4 Nc6 14.Qf2 Rc8 15.Kb1 O-O
16.Bd3 Rc7 17.Ne2 Rfc8 18.Rhf1 Nc5 19.Nd4 Nxd3 20.Nxc6 Rxc6 21.cxd3 Qc7 22.Qd4
Rc2 23.g4 Re2 24.Rc1 Rc2 25.Rcd1

[Event "2.Bl-West"]
[Site "Jenbach"]
[Date "2003.11.15"]
[Round "4"]
[Board "1"]
[White "Dobosz, Henryk"]
[Black "Heinzel, Olaf"]
[Result "1/2-1/2"]
[WhiteElo "2457"]
[BlackElo "2358"]
[PlyCount "47"]

1.c4 c6 2.e4 d5 3.cxd5 cxd5 4.exd5 Qxd5 5.Nc3 Qd8 6.d4 Nf6 7.Nf3 e6 8.Bd3 Be7
9.O-O O-O 10.Re1 b6 11.Bc2 Bb7 12.Qd3 Na6 13.a3 Nc7 14.Bg5 g6 15.Ne5 Nd7 16.Bf4
Nxe5 17.Bxe5 Nd5 18.Qh3 Nxc3 19.bxc3 Bf6 20.Rad1 Rc8 21.Bb3 Bxe5 22.Rxe5 Qd6
23.a4 Rfd8 24.Re3

[Event "2.Bl-West"]
[Site "Jenbach"]
[Date "2003.11.15"]
[Round "4"]
[Board "2"]
[White "Bayer, Bernhard"]
[Black "Riemelmoser, Franz"]
[Result "1-0"]
[WhiteElo "2298"]
[BlackElo "2287"]
[PlyCount "135"]

1.Nf3 c5 2.c4 g6 3.g3 Bg7 4.Bg2 Nc6 5.O-O e5 6.Nc3 Nge7 7.Rb1 d6 8.a3 a5 9.d3
O-O 10.Ne1 Bf5 11.Nc2 Rb8 12.Ne3 Bd7 13.Bd2 Kh8 14.Nb5 Be8 15.b4 axb4 16.axb4 b6
17.bxc5 bxc5 18.Nc3 Nd4 19.Ned5 Ng8 20.e3 Ne6 21.Rxb8 Qxb8 22.Qb1 Bc6 23.Qxb8
Rxb8 24.Nb5 Bf8 25.Ndc3 Bxg2 26.Kxg2 Ra8 27.Ne4 Kg7 28.Bc3 f6 29.Ra1 Rxa1
30.Bxa1 Ne7 31.Nbxd6 Ng8 32.f4 exf4 33.gxf4 Be7 34.Bb2 Kf8 35.f5 Ng7 36.fxg6
hxg6 37.Nb7 Ne6 38.Ba3 Nh6 39.Nbxc5 Kf7 40.Nxe6 Bxa3 41.Nd8+ Kg7 42.Kf3 f5
43.Nf2 Kf6 44.d4 Bd6 45.h3 Bc7 46.Nc6 Nf7 47.c5 Ng5+ 48.Kg2 f4 49.exf4 Bxf4
50.d5 Bc1 51.h4 Nf7 52.Kf3 Kf5 53.Nd3 Bd2 54.Nd4+ Kf6 55.Nb3 Bc3 56.Ke4 Nh6
57.d6 Nf5 58.Kd5 Ne3+ 59.Kc6 Kf5 60.Kd7 Nc4 61.Ke8 Bf6 62.d7 Bxh4 63.c6 Ke6
64.Nf4+ Kd6 65.Nxg6 Bg5 66.Ne7 Bh4 67.c7 Ke6 68.d8=Q

[Event "2.Bl-West"]
[Site "Jenbach"]
[Date "2003.11.15"]
[Round "4"]
[Board "3"]
[White "Schmidlechner, Alexander"]
[Black "Fuchs, Georg"]
[Result "1/2-1/2"]
[WhiteElo "2208"]
[BlackElo "2252"]
[PlyCount "31"]

1.d4 Nf6 2.c4 c5 3.d5 g6 4.Nc3 d6 5.e4 Bg7 6.f4 O-O 7.Nf3 e6 8.Be2 exd5 9.cxd5
Re8 10.Nd2 a6 11.a4 h5 12.h3 Nbd7 13.O-O Rb8 14.Bd3 Qc7 15.Re1 Nb6 16.a5

[Event "2.Bl-West"]
[Site "Jenbach"]
[Date "2003.11.15"]
[Round "4"]
[Board "4"]
[White "Kondrak, Christof"]
[Black "Eisenbeiser, Amadeus"]
[Result "0-1"]
[WhiteElo "2222"]
[BlackElo "2223"]
[PlyCount "166"]

1.d4 d6 2.Bf4 g6 3.Nf3 Bg7 4.c4 Nd7 5.e3 e5 6.Bg3 Ne7 7.Bd3 f5 8.Be2 h6 9.h3 O-O
10.O-O b6 11.Qb3 Kh8 12.Nc3 Bb7 13.Rad1 Qc8 14.dxe5 Nxe5 15.Bxe5 dxe5 16.Qa3 Qe6
17.Nb5 Rfc8 18.c5 a6 19.Nxc7 Rxc7 20.Rd6 Qc8 21.cxb6 Rc2 22.Bd1 Rc1 23.Nh4 Kh7
24.Qb3 Rc4 25.g4 fxg4 26.Be2 Rc1 27.Bxg4 Rxf1+ 28.Kxf1 Qc1+ 29.Rd1 Qc6 30.Qf7
Qf6 31.Qxf6 Bxf6 32.Ng2 Bd5 33.a4 a5 34.Rc1 Rb8 35.b4 Rxb6 36.bxa5 Rc6 37.Rb1
Bc4+ 38.Kg1 Kg7 39.Rb4 Nd5 40.Rb8 Ba6 41.Bd7 Rc7 42.Be6 Ne7 43.Rb6 Ra7 44.Ne1
Be2 45.Rb2 Bd1 46.Nd3 Rxa5 47.Rb7 Bxa4 48.Nb4 Rb5 49.Bd5 Rxb7 50.Bxb7 Kf7 51.Be4
Bd7 52.Bg2 Ke6 53.Kf1 Kd6 54.Kg1 Be6 55.Kh2 Bc4 56.Be4 Bh4 57.Kg1 Bf6 58.Nc2 Bd5
59.Bd3 e4 60.Be2 Bc3 61.Na3 Kc5 62.Nb5 Be5 63.Na3 Kb4 64.Nb1 Nf5 65.Nd2 Nh4
66.Bd1 Kc3 67.Nb1+ Kb4 68.Nd2 Bb3 69.Nf1 Nf3+ 70.Kg2 Ba4 71.Kh1 Bc6 72.Kg2 Kc3
73.Kh1 Bd7 74.Be2 Bxh3 75.Ba6 Nd2 76.Nh2 Bxh2 77.Kxh2 Bf5 78.Kg3 h5 79.Kf4 h4
80.Be2 Nf3 81.Bf1 Kd2 82.Be2 g5+ 83.Kxf5 Kxe2

[Event "2.Bl-West"]
[Site "Jenbach"]
[Date "2003.11.15"]
[Round "4"]
[Board "5"]
[White "Lutzenberger, Reimund"]
[Black "Angerer, Helmut"]
[Result "0-1"]
[WhiteElo "2177"]
[BlackElo "2178"]
[PlyCount "86"]

1.e4 e6 2.d4 b6 3.a3 Bb7 4.Nc3 d5 5.Bb5+ Nd7 6.Nf3 a6 7.Bxd7+ Qxd7 8.Ne5 Qe7
9.exd5 exd5 10.O-O O-O-O 11.Re1 Qe6 12.Bd2 Ne7 13.Qf3 Nf5 14.g4 Nxd4 15.Qxf7
Qxf7 16.Nxf7 Nf3+ 17.Kf1 Nxd2+ 18.Ke2 d4 19.Kxd2 dxc3+ 20.Kxc3 Bc5 21.Nxh8 Bd4+
22.Kb3 Rxh8 23.f4 Rf8 24.f5 Bf3 25.h3 Bd5+ 26.c4 Bg2 27.Rad1 c5 28.Rd3 b5 29.a4
Kd7 30.axb5 axb5 31.Ra1 Rb8 32.Ra7+ Kd6 33.Rd2 bxc4+ 34.Ka2 Bxh3 35.Rxg7 h5
36.Rg6+ Ke7 37.Re2+ Kf7 38.Ra6 Bxg4 39.Rh2 Rb7 40.f6 Be6 41.Rxh5 c3+ 42.Ka3 c2
43.Rh7+ Kxf6

[Event "2.Bl-West"]
[Site "Jenbach"]
[Date "2003.11.15"]
[Round "4"]
[Board "6"]
[White "Fuerlinger, Harald"]
[Black "Kranz, Armin"]
[Result "0-1"]
[WhiteElo "2097"]
[BlackElo "2146"]
[PlyCount "85"]

1.d4 Nf6 2.c4 e6 3.Nc3 Bb4 4.Qc2 c5 5.dxc5 O-O 6.Nf3 Na6 7.e3 Nxc5 8.a3 Bxc3+
9.Qxc3 b6 10.Be2 Ba6 11.O-O d5 12.Qc2 Rc8 13.cxd5 Nb3 14.Qxb3 Bxe2 15.Re1 Bc4
16.Qd1 Bxd5 17.Bd2 Ne4 18.Bb4 Re8 19.Nd2 a5 20.Nxe4 axb4 21.Ng3 b3 22.Rc1 Qf6
23.Qd2 Qg6 24.e4 Bc4 25.Rc3 b5 26.a4 bxa4 27.Rec1 Rcd8 28.Qe3 Bb5 29.Qb6 Bd7
30.Rd1 e5 31.Qc7 Qe6 32.Nf5 Rc8 33.Qa5 Rxc3 34.Qxc3 Qc6 35.Qxc6 Bxc6 36.Rc1 Bd7
37.Nd6 Ra8 38.Rc7 Be6 39.Nb5 Rd8 40.h3 h6 41.Ra7 Rd1+ 42.Kh2 Rd2 43.Rxa4

[Event "2.Bl-West"]
[Site "Jenbach"]
[Date "2003.11.15"]
[Round "4"]
[Board "1"]
[White "Reich, Thomas"]
[Black "Westermeier, Arnulf"]
[Result "1-0"]
[WhiteElo "2408"]
[BlackElo "2297"]
[PlyCount "73"]

1.d4 d5 2.Nf3 Nf6 3.c4 e6 4.g3 Be7 5.Bg2 O-O 6.O-O Nbd7 7.Nc3 dxc4 8.e3 c6 9.Nd2
e5 10.Nxc4 exd4 11.exd4 Nb6 12.Nxb6 Qxb6 13.d5 cxd5 14.Be3 Qxb2 15.Bd4 Qa3
16.Rb1 a6 17.Re1 Be6 18.Rxb7 Rfe8 19.Re3 Qa5 20.Na4 Rab8 21.Rb6 Rxb6 22.Bxb6 Qb4
23.a3 Qc4 24.Bf1 Qc8 25.Rc3 Qa8 26.Bd4 Ne4 27.Rb3 Rb8 28.Nb6 Qb7 29.a4 Nc5
30.Rb2 Re8 31.a5 h6 32.Na4 Qa7 33.Rc2 Bf5 34.Rc3 Nxa4 35.Bxa7 Nxc3 36.Qf3 Ra8
37.Bb6

[Event "2.Bl-West"]
[Site "Jenbach"]
[Date "2003.11.15"]
[Round "4"]
[Board "2"]
[White "Juergens, Klaus"]
[Black "Micheli, Carlo"]
[Result "0-1"]
[WhiteElo "2162"]
[BlackElo "2360"]
[PlyCount "80"]

1.Nf3 Nf6 2.c4 g6 3.g3 Bg7 4.Bg2 O-O 5.d4 d6 6.O-O c6 7.Nc3 Nbd7 8.e4 e5 9.h3
Qb6 10.d5 cxd5 11.cxd5 Nc5 12.Qe2 Bd7 13.Nd2 Rfc8 14.Rb1 a5 15.Re1 Ne8 16.Bf1 f5
17.Nc4 Qd8 18.b4 axb4 19.Rxb4 b5 20.Nxb5 Rcb8 21.Qb2 Nxe4 22.a4 Nc5 23.a5 e4
24.Qb1 Bxb5 25.Rxb5 Nc7 26.Rxb8 Rxb8 27.Nb6 Na8 28.Be3 Bc3 29.Bxc5 Bxa5 30.Qa1
Bxe1 31.Nxa8 dxc5 32.Qxe1 Rxa8 33.Qc3 Qd6 34.Qb3 Rb8 35.Qa4 e3 36.f4 g5 37.Bd3
gxf4 38.Bxf5 Qxd5 39.Be4 Qd4 40.Bxh7+ Kh8

[Event "2.Bl-West"]
[Site "Jenbach"]
[Date "2003.11.15"]
[Round "4"]
[Board "3"]
[White "Unzicker, Ferdinand"]
[Black "Teufl, Siegfried"]
[Result "1-0"]
[WhiteElo "2290"]
[BlackElo "2192"]
[PlyCount "185"]

1.c4 Nf6 2.Nc3 g6 3.g3 Bg7 4.Bg2 O-O 5.d3 c5 6.Nh3 Nc6 7.a3 e6 8.Nf4 a6 9.Rb1
Rb8 10.Be3 Nd4 11.b4 d6 12.O-O Qc7 13.Bxd4 cxd4 14.Ne4 Nxe4 15.Bxe4 Bh6 16.Ng2
f5 17.Bf3 b5 18.Qb3 Kh8 19.e3 Qa7 20.Rfe1 e5 21.exd4 Qxd4 22.Qd1 Be6 23.Ne3 Rfc8
24.Rc1 f4 25.Nc2 Qa7 26.g4 Qc7 27.c5 dxc5 28.bxc5 Qxc5 29.d4 Qd6 30.Qe2 Bc4
31.Qxe5+ Qxe5 32.dxe5 Bf8 33.Nb4 a5 34.Nc6 Bxa3 35.Ra1 Bb2 36.Rab1 Bc3 37.Rec1
Rxc6 38.Bxc6 Bxe5 39.Re1 Bd6 40.Rbd1 Bb4 41.Re4 Rc8 42.Bb7 Rc7 43.Rd8+ Kg7
44.Bd5 f3 45.h4 Be7 46.Rg8+ Kh6 47.g5+ Kh5 48.Rg7 Bd6 49.Rxc7 Bxc7 50.Bxc4 bxc4
51.Rxc4 Bd6 52.Rd4 Be5 53.Ra4 Bc7 54.Rc4 Bd6 55.Re4 h6 56.Re6 Bf4 57.gxh6 Bxh6
58.Rf6 Kxh4 59.Rxf3 Bd2 60.Kg2 Kg4 61.Rf6 Kg5 62.Rd6 Bb4 63.Rc6 Be7 64.Kf3 a4
65.Rc7 Kf6 66.Ke4 a3 67.Rc6+ Kf7 68.Ra6 Bb4 69.Kd5 Bf8 70.f3 Bb4 71.Ra4 Bf8
72.Rc4 Be7 73.Rc6 Bf8 74.Rb6 Bh6 75.Ra6 Bc1 76.Ke5 Bb2+ 77.Kf4 Bc1+ 78.Kg3 Ke7
79.Rxg6 Bb2 80.Ra6 Kd7 81.Kf4 Kc7 82.Ke4 Kb7 83.Ra4 Kc6 84.Kd3 Kb5 85.Ra8 Kc5
86.Ra6 Kb5 87.Ra7 Kb6 88.Ra8 Kc5 89.Kc2 Kd4 90.Ra4+ Ke3 91.f4 Bd4 92.Kb3 Bc5
93.f5

[Event "2.Bl-West"]
[Site "Jenbach"]
[Date "2003.11.15"]
[Round "4"]
[Board "4"]
[White "Loeffler, Christoph"]
[Black "Hoellrigl, Wilfried"]
[Result "0-1"]
[WhiteElo "2147"]
[BlackElo "2200"]
[PlyCount "52"]

1.e4 c5 2.Nc3 Nc6 3.g3 g6 4.Bg2 Bg7 5.d3 d6 6.Nh3 e6 7.O-O Nge7 8.f4 O-O 9.Kh1
Rb8 10.Be3 b6 11.Rb1 d5 12.Ne2 dxe4 13.dxe4 Ba6 14.Qxd8 Rfxd8 15.Rf2 Rd7 16.f5
gxf5 17.exf5 exf5 18.Nef4 Rbd8 19.Ng1 Ne5 20.Bc1 Ng4 21.Rf3 Bb7 22.Rf1 Rd1
23.Bxb7 Rxf1 24.h3 Rdd1 25.Nfe2 Bd4 26.hxg4 Bxg1

[Event "2.Bl-West"]
[Site "Jenbach"]
[Date "2003.11.15"]
[Round "4"]
[Board "5"]
[White "Lederwasch, Bernhard"]
[Black "Besner, Bernhard"]
[Result "1-0"]
[WhiteElo "2193"]
[BlackElo "2167"]
[PlyCount "97"]

1.e4 e5 2.Nf3 Nc6 3.Bb5 f5 4.d3 fxe4 5.dxe4 Nf6 6.O-O Bc5 7.Qd3 d6 8.Qc4 Qe7
9.Be3 Be6 10.Bxc6+ bxc6 11.Qa4 O-O 12.Bxc5 dxc5 13.Nbd2 Rab8 14.Qa3 Qd6 15.Qc3
Rb4 16.Rfe1 Rd8 17.a3 Rbb8 18.b3 Bg4 19.Nc4 Qe6 20.Qxe5 Qf7 21.Qf4 Qh5 22.Nfd2
Rf8 23.f3 Be6 24.Qxc7 Rbd8 25.Qxc6 Rfe8 26.e5 Nd5 27.Qxc5 Nf4 28.Qe3 Rf8 29.Qf2
Qg6 30.Kh1 Rf5 31.g3 Nh3 32.Qg2 Rg5 33.Ne4 Nf4 34.Qf2 Nh3 35.Qf1 Rh5 36.Rad1 Rf8
37.Rd6 Rh6 38.Qg2 Qh5 39.Red1 Rxf3 40.Rd8+ Rf8 41.Rxf8+ Kxf8 42.Rf1+ Ke7 43.Qd2
Bf5 44.Qb4+ Kd8 45.Qf8+ Kc7 46.Qxf5 Ng5 47.h4 Nxe4 48.Qxe4 g5 49.Nd6